[Event "Asia-ch"]
[Site "Kolkata"]
[Date "2001.08.13"]
[Round "6"]
[White "Wang, Zili"]
[Black "Reefat, Bin Sattar"]
[Result "1-0"]
[WhiteElo "2557"]
[BlackElo "2444"]
[Annotator "Psakhis,L"]
[PlyCount "83"]
[EventDate "2001.08.09"]
[Source "ChessBase"]
[SourceDate "2001.11.13"]

1. e4 e6 2. d4 d5 3. Nc3 Bb4 4. e5 c5 5. a3 Bxc3+ 6. bxc3 Ne7 7. h4 Nbc6 (7...
Qc7 $5) (7... b6) 8. h5 Qa5 9. Bd2 Bd7 10. Nf3 (10. a4 O-O-O 11. Nf3 Qc7 12. g3
f6 13. exf6 gxf6 14. a5 cxd4 15. cxd4 Nf5 16. a6 b6 17. c4 Ncxd4 18. Nxd4 Nxd4
19. Rc1 Qe5+ 20. Be3 20... Nf5 $17 {0-1 Darius-Uhlmann,W/DDR 1974 (31)}) 10...
O-O-O 11. Rb1 $5 {
Interesting move- Rb5 is quite strong threat and black's task is not easy.} (
11. Bd3 c4 12. Be2 Rdf8 13. h6 gxh6 14. Bxh6 Rfg8 15. g3 Nf5 16. Bd2 16... h5
$132 {Negro Peres,J-Reinaldo Castineira,R/POR t-ch Barreiro 2001/The Week in
Chess 348/0-1 (53)}) (11. h6 gxh6 12. Rxh6 Rdg8 13. Rb1 Qc7 14. Rh4 Nf5 15. Rf4
f6 16. exf6 e5 17. dxe5 Nxe5 18. Nxe5 18... Qxe5+ $36 {
0-1 Kotter,R-Kindermann,S/BL 0001 2001/The Week in Chess 334 (32)}) 11... h6
$146 {New, but not very strong move.} ({Possibly, Black has to play} 11... c4
$5 {with possible continuation.} 12. h6 gxh6 13. Qc1 Rdg8 14. Qb2 b6 15. g3 Nf5
16. Bh3 16... Rg6 $13 {
Normantas,V-Koltsov,V/corr 1994/ICCF tele 5/2001/1-0 (65)}) (11... Qxa3 $6 12.
Ra1 Qb2 13. dxc5 $1 13... f6 14. Rh4 $1 14... d4 15. Nxd4 Nxe5 16. Rxa7 Nd5 17.
Rh3 $18 {Wang Zili-Shulman,Y/Yerevan olm 1996/1-0 (49)}) (11... cxd4 12. cxd4
Qxa3 13. h6 gxh6 14. Bd3 $44) 12. Rb5 Qxa3 13. Qb1 $1 {
White gets big advantage after this strong move.} (13. Rxc5 13... a6 $5) 13...
c4 $8 (13... b6 14. dxc5 $1) (13... Nxd4 14. Nxd4 (14. cxd4 Bxb5 15. Bxb5 a6)
14... cxd4 15. Rxb7 Bc6 16. Rb3 $16) (13... cxd4 14. cxd4 b6 15. Rb3 $1 $18)
14. Rxb7 14... Qa6 15. Rb2 15... Kc7 {
Hoping to find counterplay on the  , but after..} 16. Ra2 16... Rb8 $1 17. Qa1
Qb5 18. Bc1 $1 $16 {became clear that this hope is fae avay from reality.}
18... Qb1 19. Nd2 (19. Be2) 19... Qxa1 20. Rxa1 Nc8 (20... f6 21. f4) 21. Be2
21... a5 $5 22. Rh3 $5 22... N8a7 23. Rf3 Nb5 (23... Be8 24. Rg3 Nb5 25. Nb1 $5
25... Rg8 $2 $140 26. Bxh6) 24. Nb1 $5 {
Fanny move, almost all white piecec coming back to srat position.} 24... Rhf8
25. Na3 $16 25... Nba7 (25... Ne7 26. Nxb5+ Rxb5 27. Ba3 Kd8 28. Kd2) 26. Nxc4
$1 {Final blow.} 26... dxc4 27. Ba3 27... Rbe8 {What else?} (27... Nb5 28. Bxf8
Rxf8 29. Bxc4 $18 {looks desperate.}) 28. Bd6+ Kd8 29. Bxf8 (29. Bxc4 $5 29...
Rg8 30. Rxf7 Nc8 31. Bc5) 29... Rxf8 30. Rg3 Ke7 (30... f6 $5 $16) 31. Rxg7 Ra8
32. Bxc4 $18 {Rest is simple- Black just can;t stop all white's pawns.} 32...
Nc8 33. Rb1 a4 34. Rg8 34... a3 35. g4 35... Nb6 $8 36. Rxa8 Nxa8 37. Ra1 Nb6
38. Bb3 Nd5 39. Bxd5 exd5 40. f3 Nd8 41. Rxa3 Ne6 42. Ra7 {
Good positional achievment of Wang Zili.} 1-0

[Event "Budapest FS12 GM-A"]
[Site "Budapest"]
[Date "2001.12.05"]
[Round "5"]
[White "Horvath, Adam"]
[Black "Berkes, Ferenc"]
[Result "0-1"]
[WhiteElo "2490"]
[BlackElo "2541"]
[Annotator "Psakhis,L"]
[PlyCount "56"]
[EventDate "2001.11.01"]
[Source "ChessBase"]
[SourceDate "2002.03.21"]

1. e4 e6 2. d4 d5 3. Nc3 Bb4 4. e5 Ne7 5. a3 Bxc3+ 6. bxc3 c5 7. h4 Nbc6 (7...
Qc7 $5 8. Nf3 b6) 8. h5 h6 9. Qg4 Rg8 (9... Kf8 10. Qf4 Qa5 11. Bd2 b6 12. Rh3
Ba6 13. Rf3 Nd8 14. Bxa6 Qxa6 15. dxc5 Rc8 16. Ne2 Rxc5 17. Nd4 Ke8 18. g4 Kd7
19. Qg3 Rc4 20. Rd3 20... Ndc6 {
-  Vacek,M-Taborsky,R/CZE t-ch2 9900 2000/EXT 2001 (51)}) (9... Qa5 $5 10. Bd2
Bd7 11. Qxg7 O-O-O 12. Ne2 $5 (12. Bd3 Qa4 13. dxc5 Rhg8 14. Qxh6 Nxe5 15. Qf4
{ -  Dominguez,L-Berkes,F/Aviles op 1999/Ajelibre (15)}) 12... Qa4 13. Qf6 Qxc2
14. Bxh6 Nf5 15. Rc1 Qa4 16. Bd2 cxd4 17. cxd4 Nfxd4 18. Nxd4 Qxd4 19. Bg5 Kb8
20. Qf4 Qxf4 21. Bxf4 $14 {1-0 Krause,T-Scheidt,J/corr 1993 (34)}) 10. Bd3 Nf5
11. Nf3 (11. Bxf5 exf5 12. Qg3 Qa5 13. dxc5 Ne7 14. Ne2 Qxc5 15. a4 Qa5 16. Rh4
Be6 17. Ba3 Nc6 18. Qe3 O-O-O 19. Bb4 Qa6 20. Nd4 Nxd4 21. cxd4 Kd7 22. Qe2
Qxe2+ 23. Kxe2 Rc8 24. c3 Rc4 25. a5 25... f6 {
Hedman,E-Wahlbom,M/SWE-ch Ronneby 1998/ -  (42)}) 11... Qa5 $5 $146 {
Important improvment compare to} (11... Qb6 12. dxc5 Qxc5 13. Bd2 d4 14. cxd4
Nfxd4 15. Nxd4 Nxd4 16. O-O {
1-0 Barthel,A-Anton,J/Westpfalz op 1998/ (18) with great position for White})
12. Bd2 Qa4 13. Qf4 c4 14. Bxf5 14... exf5 {Black got nice game, his queen
stops white's activiti on the Q side and it is very difficult for White toi
make any progress on other side of the board.} 15. Ra2 Be6 16. Ke2 {Horvath dec
ides to keep king in the centre and, possibly, this decision is wrong.} (16.
Nh4 Ne7) (16. O-O $5 {Worth considering}) 16... O-O-O 17. Nh4 Ne7 18. Rb1 18...
Rh8 $5 {Preparing counterplay on the king's side} 19. Qh2 (19. Rb4 Qa6 20. Rab2
Rd7) 19... g5 20. hxg6 20... fxg6 21. f4 21... Rdg8 22. Nf3 ({Maybe} 22. Qg3 $5
$142 {with possible continuation} 22... g5 23. fxg5 hxg5 24. Bxg5 Rh5 25. Nf3
25... Nc6 $44 {was stronger than text.}) 22... g5 $1 23. g3 Qe8 24. Rab2 b6 25.
Rh1 gxf4 26. Bxf4 ({It is difficult to recommend} 26. gxf4 26... Rg4 27. Ng5
Ng6 28. Nxe6 28... Qxe6 {with big advantage of Black}) 26... Ng6 27. Bxh6 $2 {
Final mistake} ({Good or bad, but White had to play now} 27. Ke3 $142 27...
Nxf4 28. gxf4 28... Qa4 $36 {with some chances for defence.}) 27... f4 $1 28.
gxf4 $2 (28. Qg2 fxg3 29. Qxg3 Ne7 30. Qf4 30... Qg6 {
could just postpone for few moves end of the game}) 28... Ne7 (28... Ne7 29.
Qh5 Qd7 30. Kf2 30... Nf5 $19) 0-1

[Event "EU-chT (Men) 13th"]
[Site "Leon"]
[Date "2001.11.10"]
[Round "5.2"]
[White "Gashimov, Vugar"]
[Black "Hertneck, Gerald"]
[Result "0-1"]
[WhiteElo "2442"]
[BlackElo "2570"]
[Annotator "Psakhis,L"]
[PlyCount "86"]
[EventDate "2001.11.06"]
[Source "ChessBase"]
[SourceDate "2002.02.05"]

1. e4 e6 2. d4 d5 3. Nc3 Bb4 4. e5 c5 5. a3 Bxc3+ 6. bxc3 Ne7 7. a4 Qc7 8. Nf3
8... h6 $5 {Waiting move.} ({After} 8... b6 {white could choose between} 9. a5
$5 (9. Bb5+)) 9. Bd3 (9. Be2 b6 10. O-O Ba6 11. Bxa6 Nxa6 12. Qe2 Nb8 13. a5
bxa5 14. Qb5+ Nd7 15. Qxa5 Qxa5 16. Rxa5 cxd4 17. cxd4 Nc6 18. Ra1 Nb6 19. Ba3
Nc4 20. Rfb1 Nxa3 21. Rxa3 O-O 22. Kf1 22... Rfb8 {
-  Serper,G-Yermolinsky,A/USA-ch Seattle 2000/ (22)}) (9. h4 b6 10. Bb5+ Bd7
11. Bd3 Nbc6 12. O-O O-O 13. Bd2 f5 14. exf6 Rxf6 15. Re1 Raf8 16. Be3 16...
Rxf3 $1 17. gxf3 c4 18. Bf1 18... Nf5 $44 {
-  Cseshkovsky,V-Komarov,D/YUG t-ch 1996 (31)}) 9... b6 10. a5 $5 (10. O-O {
leads to equality after} 10... Ba6 11. Bb5+ Bxb5 12. axb5 Nd7 13. Qe2 O-O 14.
Ba3 Rfc8 15. Rfe1 15... Ng6 $11 {
Isonzo,D-Ljubisavljevic,Z/Genova op 2001/Ajelibre/1-0 (59)}) 10... Ba6 $1 {
Much stronger than} (10... bxa5 11. O-O Ba6 12. Ba3 Bxd3 13. cxd3 Nd7 14. dxc5
Nxc5 15. c4 dxc4 16. Rc1 $1 $36 {1-0 McDonald,N-Shaked,T/London GM 1997 (47)})
11. axb6 $146 (11. Bxa6 Nxa6 12. axb6 axb6 13. Qe2 c4 14. O-O O-O 15. Ba3 Qd7
16. Rfb1 Nc7 17. Qe1 Rfb8 18. Bd6 Nc8 19. Bxc7 {
-  Schoeneberg,M-Casper,T/BL 1995 (19)}) 11... axb6 12. Bb5+ 12... Bxb5 $5 {
Nice move, but} (12... Nec6 13. Be3 13... Ra7 {
also doesn't look too bad for Black}) 13. Rxa8 Ba6 14. Rxa6 {
Rook is trapped any case.} ({After , for example} 14. Be3 14... Qb7 15. Rxb8+
Qxb8 16. dxc5 bxc5 17. Bxc5 17... Nc6 {White must work hard to keep balance})
14... Nxa6 15. Qd3 15... Nb8 $11 16. O-O Nd7 17. Nh4 (17. Ba3 O-O 18. c4 dxc4
19. Qxc4 19... Ra8 $15) (17. c4) 17... O-O 18. f4 18... f5 {
Simpliest way to stop white's initiative on the king;s side} 19. exf6 Nxf6 20.
f5 20... Qd7 $6 {Second hand move!} (20... e5 $6 {was even weaker} 21. Qg3 cxd4
22. cxd4 $36 (22. Bxh6 Nc6)) ({but simple} 20... Nxf5 21. Nxf5 21... exf5 $15 {
promiced to Black good and easy game}) 21. dxc5 (21. fxe6 Qxe6 22. Ng6 Nxg6 23.
Qxg6 23... Qe4 $1 $15) 21... bxc5 22. c4 $1 22... Ne4 (22... Nxf5 23. Nxf5 exf5
24. Rxf5 $14) 23. cxd5 exd5 24. c4 $1 {
This part of the game Gashimov played very strongly,} 24... Nxf5 $2 ({
still after} 24... Rf7 $5 $142) ({or} 24... Nf6 $11 {
Black has nothing to worry about}) 25. Ng6 $6 ({After} 25. Qf3 $1 25... Nxh4 {
What esle possible to suggest?} (25... Kh7 26. Nxf5 g6 27. Qe3 gxf5 28. Qxh6+
Kg8 29. cxd5 $18 {looks desperately for Black}) 26. Qxf8+ Kh7 27. Qf4 (27. Bxh6
Kxh6 28. Rf7 Qg4 29. Qh8+ Kg5 30. Qxg7+ 30... Ng6 $13) 27... Ng6 28. Qe3 $16 {
Black would have not too many chances to save game.}) 25... Rf6 26. Nf4 (26.
Ne5 $5) 26... Nd4 27. cxd5 (27. Be3 Qf5) 27... Nc3 28. Qc4 $2 {Gashimov still
fighting for advantage and missed  simple and strong black's answer.} (28. Qxc3
Rxf4 29. Re1 {' '} 29... Rf5 $1 (29... Rf6 $1 30. Qxc5 Qg4 31. Kh1 $8 31... Rg6
) 30. Qxc5 30... Qxd5 $11) 28... Qxd5 $1 29. Qxc3 (29. Qxd5+ $142 29... Nxd5
30. g3 $17) 29... Rxf4 30. Qe3 (30. Re1 Rg4 31. Qh3 31... Qf3 $1 $19) 30...
Rxf1+ 31. Kxf1 Qc4+ 32. Kf2 $8 32... Qc2+ 33. Kf1 (33. Qd2 $5) 33... Kh7 {
Black pieces are active, king  well protected and white's chances to safe game
are minimal.} (33... Nb3 34. Qe6+ Kh7 35. Be3) 34. Bd2 Nf5 35. Qc3 (35. Qe5
$142) (35. Qe5 $1) 35... Qxc3 36. Bxc3 36... Ne3+ 37. Ke2 $6 (37. Kg1 37... g5)
37... Nxg2 38. Kd3 g5 39. Kc4 $6 (39. Be5 $5 39... Kg6 40. Kc4 {
Was the last chance}) 39... Ne3+ 40. Kxc5 40... Ng4 $19 41. h4 gxh4 42. Be1 h3
43. Bg3 h2 0-1

[Event "EU-chT (Men) 13th"]
[Site "Leon"]
[Date "2001.11.11"]
[Round "6.1"]
[White "Stefansson, Hannes"]
[Black "Ivanchuk, Vassily"]
[Result "1/2-1/2"]
[WhiteElo "2575"]
[BlackElo "2731"]
[Annotator "Psakhis,L"]
[PlyCount "49"]
[EventDate "2001.11.06"]
[Source "ChessBase"]
[SourceDate "2002.02.05"]

1. e4 e6 2. d4 d5 3. Nc3 Bb4 4. e5 Ne7 5. a3 Bxc3+ 6. bxc3 c5 7. Qg4 7... Kf8 {
Risky but interesting move} 8. Bd2 8... b6 ({Worth considering} 8... Qc7 $5 {
for example} 9. Bd3 b6 10. Nf3 cxd4 11. cxd4 Ba6 12. Bb4 12... Bxd3 13. cxd3
Nbc6 14. Bd6 Qd7 15. O-O Kg8 16. a4 h6 17. Qf4 Ng6 18. Qg4 Kh7 19. h4 Rhc8 20.
h5 20... Nge7 $13 {
0-1 Szelag,M-Socko,B/POL t-ch Glogow 2001/ (83) with mutial chances}) 9. dxc5
$5 $146 {
Interesting novelty.Stefansson is trying to open position for his bishops.} (9.
Nf3 h6 10. a4 Ba6 11. Bxa6 Nxa6 12. O-O Rc8 13. Rfb1 Qd7 14. Ra2 Kg8 15. Ne1
Qc6 16. a5 b5 17. Rab2 Rb8 18. Qe2 c4 19. g4 Kf8 20. Ng2 Ke8 21. Nf4 g6 22. Qf3
Kd7 23. Ne2 23... Nc7 {Timoshenko,G-Kononenko,T/UKR t-ch Alushta 2000/ -  (44)}
) (9. h4 Ba6 10. h5 h6 11. Bxa6 (11. Ne2 Nbc6 12. Rh3 cxd4 13. cxd4 Nf5 14. Bc3
Qg5 15. Qxg5 hxg5 16. O-O-O g4 17. Rh1 17... Rc8 $36 {
0-1 Karjakin,S-Efimenko,Z/Kramatorsk Governor's Cup-2 2001/ (43)}) 11... Nxa6
12. Ne2 Qc7 (12... Rc8 13. Qf3 cxd4 14. cxd4 Qe8 15. Rh4 Rxc2 16. Nc3 Qc8 17.
Qd3 Rb2 18. Nd1 Rxd2 19. Kxd2 Nb8 20. Rc1 $16 {
1-0 Chandler,M-Pert,N/London Chapman m 2000/The Week in Chess 306 (39)}) 13.
Qf3 Kg8 14. Rh4 Nf5 15. Rf4 Rf8 16. Rg4 cxd4 17. cxd4 Qc4 18. c3 Kh7 19. Ng3
Nxg3 20. Qxg3 20... Rhg8 $14 {Mitkov,N-Ostenstad,B/Bergen op 2001/ /1-0 (80)})
(9. Bd3 Ba6 10. Nh3 Bxd3 11. cxd3 Nbc6 12. O-O cxd4 13. cxd4 Nf5 14. Be3 Qh4
15. Qxh4 Nxh4 16. Rac1 Rc8 17. Rc2 Ke8 18. Rfc1 Kd7 19. Ng5 19... Nf5 $15 {
0-1 Betschart,O-Dittmar,P/Pizol op 1996 (45)}) 9... bxc5 (9... Ba6 10. cxb6
Qxb6 11. Bd3 $36) 10. Nf3 ({I am sure that} 10. c4 $5 {
will be checked quite soon.}) 10... c4 $5 {Stops 11.c4 and activization of
white bishop, but this move has and scarcity- it will be very difficult for
Black to include Bc8 to the game.} 11. Nd4 Nbc6 12. Nxc6 (12. Qg3 Qb6) 12...
Nxc6 13. Qg3 (13. f4 Qb6) 13... Qb6 14. Bc1 (14. Be3 Qa5) ({
White could play and} 14. Be2 $5 {and in the case of} 14... Qb2 15. O-O Qxc2
16. Qe3 $44 {he will have enough compensation for the pawn, for example} 16...
Nxe5 $2 $140 17. Qxe5 Qxd2 18. Qd6+ Ke8 19. Qc6+ $16) 14... Bd7 15. a4 15... h6
16. Be2 Kg8 17. Bh5 17... Qc7 $5 18. f4 ({Worth considering} 18. Bf4 {
with some chances for initiative}) 18... Ne7 19. Ba3 Nf5 20. Qf2 g6 (20... Bxa4
21. g4 Ne7 22. Bxe7 Qxe7 23. Rxa4 g6 24. Bxg6 (24. Rg1 gxh5 25. g5 $5 25... Rh7
26. gxh6+ 26... Kh8 $13) 24... fxg6 25. O-O {
and White keep small advantage- his king is better protected.}) 21. Bg4 (21.
Bf3 Bxa4) 21... Bxa4 22. Bxf5 gxf5 23. Bd6 Qb6 24. Bc5 Qc6 (24... Qb2 25. O-O
Qxc2 26. Qg3+ Kh7 27. Rfc1 (27. Rf2 Qe4 28. Rxa4 Rhg8 29. Qf3 Qb1+ 30. Rf1
30... Qb5 $19) 27... Qb3 28. Rcb1 $11) 25. Bxa7 {
Short ,but important for theory game} (25. Bxa7 Kh7 26. O-O $13) 1/2-1/2

[Event "USA-ch"]
[Site "Seattle"]
[Date "2002.01.06"]
[Round "2"]
[White "Kreiman, Boris"]
[Black "Kaidanov, Gregory S"]
[Result "1-0"]
[WhiteElo "2493"]
[BlackElo "2596"]
[Annotator "Psakhis,L"]
[PlyCount "107"]
[EventDate "2002.01.05"]
[Source "ChessBase"]
[SourceDate "2002.03.21"]

1. e4 e6 2. d4 d5 3. Nc3 Bb4 4. e5 Ne7 5. a3 Bxc3+ 6. bxc3 c5 7. Qg4 7... Kf8 {
Risky move} 8. a4 Qc7 9. Qd1 (9. Kd1 b6 10. a5 bxa5 11. Ba3 cxd4 12. Bd6 Qb6
13. Nf3 Nbc6 14. Nxd4 Kg8 15. Bd3 Bd7 16. Nxc6 Nxc6 17. h4 d4 18. h5 dxc3 19.
Rh4 g6 20. Ke2 Kg7 21. Rah1 Nb4 22. hxg6 {
1-0 Blatny,P-Jurek,J/Osterreich 1992/Inf 56/[Blatny,P] (22)}) (9. Nf3 cxd4 (
9... b6 10. Bd3 Ba6 11. Bxa6 Nxa6 12. O-O Rc8 13. Ba3 Kg8 14. Nh4 Ng6 15. Nxg6
hxg6 16. Rfb1 16... Nb8 $13 {
-  D'Innocente,S-Bukal,V/Porto San Giorgio op 2001/Ajelibre (51)}) 10. Qxd4
Nbc6 11. Qc5 b6 12. Qd6 Qxd6 13. exd6 Ng6 14. Bb5 Bb7 15. Ba3 f6 16. c4 16...
Nce5 $132 { -  Nijboer,F-Atlas,D/Cappelle la Grande 1996/Inf 66 (39)}) 9...
Nbc6 ({Worth considering typical} 9... b6 $5) 10. Ra3 $146 {
Interesting novelty. Once white got good game after} (10. Nf3 cxd4 11. cxd4 Nb4
12. Kd2 $8 12... Bd7 13. Ba3 Nbc6 14. Bd6 Qa5+ 15. c3 Rc8 16. Qb3 $14 {
1-0 Aveskulov,V-Yeremenko,V/UKR-ch B14 Simferopol 2000/UKR (31) but surely not
everyone wants to get king on d2 already on 12thmove!}) 10... b6 11. Nf3 11...
a5 $6 {I do not like this move. Kaidanov prepares bishop exchange, but ,
unfortunately , makes too many weaknesses on the queen's side.} 12. Rb3 12...
h6 (12... Ba6 13. Bxa6 Rxa6 14. Ba3 $36) 13. Ba3 c4 14. Rb1 Kg8 15. h4 Bd7 16.
h5 16... f6 $6 (16... Kh7 $5 $14 {looks more safely and solidly than text}) 17.
Bd6 Qd8 18. exf6 gxf6 19. Nh4 $1 {
Black has troubles and with king and with pawns on boths flangs} 19... Kh7 20.
Qf3 Nc8 21. Be5 (21. Bf4 $5) 21... Rf8 (21... Nxe5 22. dxe5 f5 23. Ng6 Re8 24.
Bxc4 Bxa4 25. Bd3) 22. Ng6 Rf7 23. Bf4 $16 23... Qg8 (23... N8e7 24. Bc1 $5)
24. Bd2 Nd6 ({Stubborn} 24... Rb8 $5 {
was better choice, but maybe Kaidanov just overlooked next white's move}) 25.
Bxh6 $1 {Nice tactik, but} (25. Qf4 Nf5 26. Rxb6 26... Re8 $16 {
was not bad too.}) 25... Kxh6 (25... Ne4 26. Bc1) 26. Qf4+ Kh7 27. Qxd6 Qb8 28.
Qf4 Qxf4 29. Nxf4 {Black managed to exchange queens , but in endgame he hasn't
real chances for survival.} 29... Rb8 30. g3 30... Na7 {
Attacking only weakness in white's camp - pawn a4} (30... Ne7 31. Bh3) 31. Bh3
f5 32. Ra1 b5 33. axb5 Nxb5 (33... Rxb5 34. Kd2 $18) 34. Kd2 Ra8 (34... a4 $5
35. Rxa4 $6 $140 35... Nxc3) 35. Bg2 (35. f3 $5 {looks good too.}) 35... Ra6
36. Ng6 Be8 37. Rhe1 Nc7 38. Rab1 (38. Nf4 $5) 38... a4 39. Rb8 a3 40. Nf4 Bd7
41. Bf3 a2 42. Ra1 42... Nb5 43. Ng6 (43. Nxd5 $5 43... exd5 44. Bxd5 Rg7 45.
Bxc4 $18 {wins easy, but text is good enough.}) 43... Na3 44. Kc1 $1 (44. Rxa2
$4 44... Nb1+) 44... Nb1 45. Kb2 Bc6 46. Rxa2 $18 {Rest is simple} 46... Rxa2+
47. Kxa2 Nxc3+ 48. Kb2 Nb5 49. c3 Nd6 50. Nf8+ $1 50... Rxf8 51. Rxf8 Be8 52.
h6 (52. Rf6 Bf7 53. h6) 52... Bg6 (52... Kxh6 53. Rf6+) 53. Rf6 Bf7 54. Bxd5
1-0

[Event "Moscow Aeroflot op"]
[Site "Moscow"]
[Date "2002.02.07"]
[Round "4"]
[White "Sulskis, Sarunas"]
[Black "Riazantsev, Alexander"]
[Result "1-0"]
[WhiteElo "2579"]
[BlackElo "2511"]
[Annotator "Psakhis,L"]
[PlyCount "83"]
[EventDate "2002.02.04"]
[Source "ChessBase"]
[SourceDate "2002.03.21"]

1. e4 e6 2. d4 d5 3. Nc3 Bb4 4. e5 c5 5. a3 Bxc3+ 6. bxc3 Ne7 7. Nf3 Bd7 8. a4
Qa5 9. Bd2 9... Nbc6 {This good old line went out of the fashion.To be honest
I even can't remember who stop to play it first: White or Black!} 10. Bb5 (10.
Be2 f6 11. c4 11... Qc7 $13) 10... f6 (10... c4 11. O-O f6 12. Re1 O-O-O 13.
Qc1 Rde8 14. Qa3 Ng6 15. Qc5 Kb8 16. Rab1 Qc7 17. a5 17... Nd8 {
-  Schmittdiel,E-Uhlmann,W/AUT t-ch 9900 2000}) (10... Qc7 $5) 11. exf6 gxf6
12. O-O (12. c4 Qc7 13. cxd5 Nxd5 14. c4 Nf4 15. Bxf4 Qxf4 16. d5 Qe4+ 17. Qe2
Qxe2+ 18. Kxe2 exd5 19. cxd5 Nb4 20. Rhd1 {
-  Baches Garcia,G-Hernando Rodrigo,J/Catalunia-ch Barcelona 2002 (20)}) 12...
c4 (12... O-O-O 13. c4 Qc7 14. cxd5 Nxd5 15. c3 Rhg8 16. Re1 Nf4 17. Bxf4 Qxf4
18. Bd3 Rg7 19. Re4 Qd6 20. Rh4 $14 { -  Suetin,A-Ulibin,M/Berlin 1996/}) 13.
Nh4 $5 $146 {Interesting novelty. White wants to attack quickly   pawn f6 -
main weakness in the black's camp.} (13. Re1 {is more common here, though
White can't be too happy with his results, for example} 13... O-O-O 14. Qc1
Rdg8 15. Qa3 Qc7 16. Kh1 a6 17. Bxc6 17... Nxc6 {
-  Suetin,A-Schuetz,T/Dortmund op 1990 (17)}) 13... O-O-O 14. Qf3 14... Rdf8 $6
{Too passive.} ({It looks that Balck had to play} 14... e5 $5 $13 {
with quite complicated position}) ({Much weaker is} 14... Nxd4 $6 15. Bxd7+
Kxd7 16. Qxf6 Ndc6 17. Rfe1 e5 18. Nf3 {and black monarch in danger.}) 15. Bh6
Rf7 16. Rfe1 Nd8 (16... e5 17. dxe5 Nxe5 18. Bxd7+ Nxd7 19. Nf5 $16) (16... Rg8
$5) 17. g3 Ng6 18. Ng2 $1 {Correctly avoiding knights exchange.} 18... Re8 ({
Maybe} 18... a6 19. Bxd7+ 19... Rxd7 {was less evil}) 19. h4 a6 20. Bxd7+ Kxd7
(20... Rxd7 {with possible continuation} 21. h5 (21. Qxf6 Qxc3 22. h5 22... Ne7
$15) 21... Ne7 22. Bg7 $5 22... Ng8 23. h6 23... e5 $5 {was better chance}) 21.
Bc1 $1 {Sulskis brings bishop to important diagonal a3-f8 - black's position
is very tough and White needs all hands to the pumps to crack this nut.} 21...
Qc7 (21... e5 22. Ba3 $36) 22. Ba3 Kc8 23. h5 Ne7 (23... Nf8 24. Ne3) 24. Nf4
Qd7 25. Bc5 Nec6 26. Re3 {
White slowly but surely improves position of all his pieces.} 26... Rg7 27.
Rae1 Rgg8 (27... Rg5 $5) 28. h6 28... f5 (28... Nf7 29. Nh5 Ng5 30. Qg2) 29.
Bb6 Qf7 (29... Nf7 30. Nxe6 Nce5 31. Rxe5 $1 (31. dxe5 $2 31... Qxe6 32. a5
32... Ng5 $17) 31... Nxe5 32. Rxe5 Rxe6 33. Rxd5 $16) 30. a5 {
White's advantage is obvious now and Black must fight against heavy odds.}
30... Qd7 31. Kf1 (31. Bxd8 Nxd8 32. Re5 $16) 31... Qf7 32. Kg2 Rh8 33. Qh5 (
33. Bxd8 $5 33... Nxd8 34. Qe2) 33... Qd7 (33... Qxh5 34. Nxh5) 34. Bxd8 Nxd8
35. Re5 $18 {White's pieces are too active and it is a losing cause to defend
black's position.} 35... Ref8 36. Nxe6 Nxe6 37. Rxe6 f4 (37... Qa4 38. R6e5
Qxa5 39. Rxf5) 38. Re7 Qd8 (38... Qd6 39. R1e6 Qd8 40. Qe5) 39. Qe5 fxg3 (39...
Qxa5 40. Rb1 $1 $18) 40. fxg3 Qxa5 41. Qe6+ Kb8 42. Rb1 {
Sulskis won nice and instructive game.} 1-0